000
00215 a2200097 4500
001
17604
100
_a
Mises R V
245
_a
Advances in applied mechanics
260
_a
_b
Academic Press
_c
090
_c
12995
_d
12995
942
_a
NUST-CAE
_c
M
_c
3330
999
_c
252677
_d
252677